000 00283nam a22001337a 4500
008 171003b xxu||||| |||| 00| 0 eng d
020 _a9780131739895
041 _aeng
080 _a15939
100 _a48
101 _aPSI
245 _aPSYCHOLOGICAL
_cKARUSE.M
942 _2udc
_cBK
999 _c31515
_d31515